| 000 | 00391nam a22001697a 4500 | ||
|---|---|---|---|
| 003 | OSt | ||
| 008 | 240423b |||||||| |||| 00| 0 eng d | ||
| 020 | _a9788124802175 | ||
| 082 | _a822.33 SHK | ||
| 100 | _aSHAKESPEARE, William | ||
| 245 | _aKing Lear | ||
| 250 | _aIst. ed., | ||
| 260 |
_aNew Delhi, _bPeacock Books, _c2020, |
||
| 300 | _a111 p. | ||
| 650 | _aEnglish | ||
| 942 |
_2ddc _cBK |
||
| 999 |
_c12550 _d12550 |
||